[Event "Madrid San Viator op-B 25th"]
[Site "Madrid"]
[Date "2015.10.11"]
[Round "2"]
[White "Hernandez Herrera, Rodolfo"]
[Black "Castro Uceda, Jose Antonio"]
[Result "0-1"]
[WhiteElo "1300"]
[BlackElo "1582"]
[PlyCount "65"]
[EventDate "2015.10.04"]
[EventType "swiss"]
[EventRounds "9"]
[EventCountry "ESP"]
[SourceTitle "EXT 2019"]
[Source "ChessBase"]
[SourceDate "2018.10.10"]
[SourceVersion "1"]
[SourceVersionDate "2018.10.10"]
[SourceQuality "1"]

1. c4 c5 2. Nc3 e6 3. Nf3 d5 4. e3 Nc6 5. d4 Nf6 6. b3 Be7 7. Bb2 0-0 8. Be2 Qa5 9. 0-0 cxd4 10. exd4 Bb4 11. Qd3 Bxc3 12. Bxc3 Qc7 13. Ne5 Nxe5 14. dxe5 Ne4 15. f4 b5 16. Bb4 Rd8 17. cxb5 Qb6+ 18. Kh1 Nf2+ 19. Rxf2 Qxf2 20. Rf1 Qb6 21. a4 Bb7 22. a5 Qc7 23. a6 Bc8 24. Bd6 Qa5 25. Qc2 Bd7 26. Bc7 Rac8 27. Bxa5 Rxc2 28. Bxd8 Rxe2 29. b6 axb6 30. Bxb6 Ra2 31. a7 Bc6 32. Rc1 d4 33. Rxc6 0-1

[Event "Villalba op 3rd"]
[Site "Villalba"]
[Date "2015.08.15"]
[Round "8"]
[White "Santos Burkholz, Mario"]
[Black "Hernandez Herrera, Rodolfo"]
[Result "1-0"]
[WhiteElo "1492"]
[BlackElo "1343"]
[PlyCount "41"]
[EventDate "2015.08.09"]
[EventType "swiss"]
[EventRounds "9"]
[EventCountry "ESP"]
[SourceTitle "EXT 2024"]
[Source "ChessBase"]
[SourceDate "2023.10.10"]
[SourceVersion "1"]
[SourceVersionDate "2023.10.10"]
[SourceQuality "1"]

1. d4 d5 2. e3 Nf6 3. Bd3 c6 4. Nd2 Nbd7 5. f4 c5 6. c3 c4 7. Bc2 b5 8. a4 b4 9. cxb4 e6 10. b5 Bb4 11. Ngf3 0-0 12. 0-0 a6 13. bxa6 Bxa6 14. Rf2 h6 15. Ne5 Nxe5 16. fxe5 Nh7 17. Rf3 c3 18. bxc3 Bxc3 19. Bxh7+ Kxh7 20. Qc2+ Kg8 21. Qxc3 1-0

[Event "Madrid San Viator op 22nd"]
[Site "Madrid"]
[Date "2014.03.23"]
[Round "1"]
[White "Porris Rebollar, Ivan"]
[Black "Hernandez Herrera, Rodolfo"]
[Result "1/2-1/2"]
[WhiteElo "1529"]
[BlackElo "1348"]
[PlyCount "113"]
[EventDate "2014.03.23"]
[EventType "swiss"]
[EventRounds "9"]
[EventCountry "ESP"]
[SourceTitle "EXT 2015"]
[Source "ChessBase"]
[SourceDate "2014.11.20"]
[SourceVersion "1"]
[SourceVersionDate "2014.11.20"]
[SourceQuality "1"]

1. d4 d5 2. Nf3 Bf5 3. e3 Nf6 4. Be2 e6 5. 0-0 Be7 6. b3 0-0 7. Nh4 Nfd7 8. Nxf5 exf5 9. Qd3 g6 10. c4 c6 11. Bd2 Nf6 12. Nc3 Re8 13. Bf3 Bf8 14. cxd5 cxd5 15. Qb5 Ne4 16. Be1 Qd7 17. Qxd5 Nxc3 18. Bxc3 Qxd5 19. Bxd5 Nc6 20. a3 Rac8 21. Rfc1 b6 22. b4 Ne7 23. Bf3 Bg7 24. Bd2 f4 25. g3 fxe3 26. fxe3 Nf5 27. Kf2 Nxd4 28. Ra2 Nb3 29. Rb1 Nxd2 30. Rxd2 Bf6 31. Rbd1 Kg7 32. Rd7 Rc2+ 33. R1d2 Rxd2+ 34. Rxd2 Re7 35. h4 h5 36. Bc6 Rc7 37. b5 g5 38. hxg5 Bxg5 39. Kf3 Re7 40. Rd3 f6 41. e4 Kg6 42. Rd7 Rxd7 43. Bxd7 Kg7 44. Be8 Kh6 45. Ke2 h4 46. gxh4 Bxh4 47. Kd3 Bg3 48. Kc4 Kg5 49. Kd5 Be5 50. Kc6 Kf4 51. Bg6 Bb2 52. a4 Ke5 53. Kb7 Kd6 54. Kxa7 Kc7 55. Ka6 Bc3 56. Bf5 Bb4 57. Bc8 1/2-1/2

[Event "Madrid San Viator op 20th"]
[Site "Madrid"]
[Date "2013.06.02"]
[Round "8"]
[White "Hernandez Herrera, Rodolfo"]
[Black "Castro Uceda, Jose Antonio"]
[Result "0-1"]
[WhiteElo "1504"]
[BlackElo "1642"]
[PlyCount "58"]
[EventDate "2013.04.07"]
[EventType "swiss"]
[EventRounds "9"]
[EventCountry "ESP"]
[SourceTitle "EXT 2014"]
[Source "ChessBase"]
[SourceDate "2013.11.20"]
[SourceVersion "1"]
[SourceVersionDate "2013.11.20"]
[SourceQuality "1"]

1. e4 c5 2. Nf3 d6 3. d4 cxd4 4. Nxd4 Nf6 5. Nc3 a6 6. Bd3 e5 7. Nde2 Be6 8. Bg5 Be7 9. Bxf6 Bxf6 10. 0-0 Nc6 11. Nd5 0-0 12. f4 exf4 13. Nexf4 Bxb2 14. Rb1 Bd4+ 15. Kh1 b5 16. c3 Be5 17. Nxe6 fxe6 18. Rxf8+ Qxf8 19. Nc7 Rc8 20. Nxe6 Qf6 21. Qg4 Re8 22. Rf1 Qxe6 23. Qxe6+ Rxe6 24. c4 Nb4 25. cxb5 Nxd3 26. bxa6 Bd4 27. Rf3 Nf2+ 28. Kg1 Nxe4+ 29. Kf1 Nd2# 0-1